[Event "O Pohar mesta Ricany 2014 - OPEN A"]
[Site "Ricany"]
[Date "2014.08.23"]
[Round "1.1"]
[White "Tejkal, Jiri"]
[Black "Kulhanek, Tomas"]
[Result "0-1"]
[WhiteElo "1941"]
[BlackElo "2333"]
[PlyCount "90"]
[EventDate "2014.??.??"]

1. d4 d6 2. c4 e5 3. Nf3 e4 4. Ng5 f5 5. g3 Be7 6. h4 Nf6 7. Nc3 c6 8. Bg2 O-O
9. Nh3 Na6 10. Bg5 Nc7 11. d5 c5 12. a3 Ng4 13. b4 b6 14. Bxe7 Qxe7 15. O-O Ba6
16. b5 Bb7 17. e3 Ne5 18. Qe2 a6 19. a4 a5 20. Rfd1 Rae8 21. Kf1 Qf6 22. Rac1
Bc8 23. Qa2 Nd3 24. Rxd3 exd3 25. Qd2 g6 26. Nf4 h6 27. Qxd3 g5 28. hxg5 hxg5
29. Nh3 f4 30. gxf4 Bxh3 31. Bxh3 gxf4 32. Ne4 Qh6 33. Ke2 Qh5+ 34. f3 Qxh3 35.
Rg1+ Kh8 36. Qc3+ Re5 37. Nxd6 Qh2+ 38. Kd3 Qxg1 39. Qxe5+ Qg7 40. Qh5+ Qh7+
41. Qxh7+ Kxh7 42. e4 Ne8 43. Nc8 Nf6 44. Nd6 Nd7 45. Nf5 Ne5+ 0-1

[Event "O Pohar mesta Ricany 2014 - OPEN A"]
[Site "Ricany"]
[Date "2014.08.23"]
[Round "1.2"]
[White "Bednar, Marcel"]
[Black "Vorackova, Jarmila"]
[Result "1-0"]
[WhiteElo "2300"]
[BlackElo "1936"]
[PlyCount "51"]
[EventDate "2014.??.??"]

1. d4 d5 2. c4 Nf6 3. cxd5 Nxd5 4. e4 Nf6 5. Nc3 e6 6. Nf3 Be7 7. Bd3 c5 8.
dxc5 Bxc5 9. Bg5 Qb6 10. O-O Ng4 11. Qe2 Nd7 12. Na4 Qa5 13. Nxc5 Nxc5 14. Bb5+
Bd7 15. Nd4 Ne5 16. Rac1 Ned3 17. Bxd7+ Nxd7 18. Qxd3 Qxg5 19. Rfd1 Rd8 20. Rc7
O-O 21. Nf3 Nc5 22. Qf1 Qh6 23. e5 b6 24. Rxd8 Rxd8 25. b4 Ne4 26. Qd3 1-0

[Event "O Pohar mesta Ricany 2014 - OPEN A"]
[Site "Ricany"]
[Date "2014.08.23"]
[Round "1.3"]
[White "Forman, Miroslav"]
[Black "Gregor, Jiri"]
[Result "0-1"]
[WhiteElo "1936"]
[BlackElo "2262"]
[PlyCount "89"]
[EventDate "2014.??.??"]

1. d4 c5 2. c3 d5 3. Nf3 Nd7 4. g3 Ngf6 5. Bg2 g6 6. O-O Bg7 7. Nbd2 O-O 8. Re1
b6 9. Ne5 Bb7 10. Ndf3 h6 11. h4 Re8 12. a4 Rc8 13. Bh3 e6 14. Nxd7 Qxd7 15. a5
Ne4 16. Bf4 b5 17. Ne5 Qd8 18. a6 Ba8 19. f3 g5 20. hxg5 hxg5 21. fxe4 gxf4 22.
e3 Qg5 23. Qf3 Bxe5 24. dxe5 fxe3 25. Rxe3 d4 26. Rd3 Qxe5 27. Bg2 f5 28. Qh5
Re7 29. exf5 Bxg2 30. Kxg2 Rg7 31. Rh1 Qe4+ 32. Kf2 Rf8 33. Rf3 Qc2+ 34. Kf1
Qc1+ 35. Kg2 Qxb2+ 36. Kg1 Qb1+ 37. Kf2 Qc2+ 38. Kg1 exf5 39. Rh3 Qe4 40. Qh8+
Kf7 41. Qh5+ Ke7 42. Rf2 d3 43. Kh2 c4 44. Rh4 Qe5 45. Rhf4 {dale necitelne}
0-1

[Event "O Pohar mesta Ricany 2014 - OPEN A"]
[Site "Ricany"]
[Date "2014.08.23"]
[Round "1.4"]
[White "Postupa, Pavel"]
[Black "Kaiser, Rudolf"]
[Result "1-0"]
[WhiteElo "2260"]
[BlackElo "1925"]
[PlyCount "48"]
[EventDate "2014.??.??"]

1. e4 e5 2. Nf3 Nf6 3. Nxe5 d6 4. Nf3 Nxe4 5. Nc3 Qe7 6. Be2 Nxc3 7. dxc3 Nc6
8. O-O Be6 9. Ng5 O-O-O 10. Nxe6 fxe6 11. Be3 Kb8 12. Bb5 Ne5 13. f4 Nd7 14.
Qd4 c5 15. Qd2 a6 16. Be2 Nf6 17. Bf3 d5 18. Rae1 Qf7 19. b4 Ne4 20. Bxe4 dxe4
21. Qf2 Rc8 22. bxc5 Bxc5 23. Bxc5 Rxc5 24. Rxe4 Rxc3 {dale necitelne} 1-0

[Event "O Pohar mesta Ricany 2014 - OPEN A"]
[Site "Ricany"]
[Date "2014.08.23"]
[Round "1.5"]
[White "Kalvach, Ladislav"]
[Black "Balacek, Tadeas"]
[Result "0-1"]
[WhiteElo "1924"]
[BlackElo "2237"]
[PlyCount "65"]
[EventDate "2014.??.??"]

1. e4 e6 2. d4 d5 3. Nd2 Be7 4. Bd3 c5 5. dxc5 Nf6 6. Qe2 O-O 7. Ngf3 a5 8. e5
Nfd7 9. h4 f5 10. Nb3 a4 11. Nbd4 Nxc5 12. Bg5 Nc6 13. Nb5 Qa5+ 14. Bd2 Nxd3+
15. Qxd3 Nb4 16. Bxb4 Qxb4+ 17. c3 Qe4+ 18. Kd2 b6 19. Rae1 Qf4+ 20. Qe3 Qc4
21. Nfd4 Qxa2 22. Rb1 Qc4 23. Nd6 Qc5 24. Nxc8 Qxc8 25. Qd3 Qd7 26. f4 Rfc8 27.
h5 Rc7 28. g3 Bc5 29. Rhc1 b5 30. b3 axb3 31. Rxb3 b4 32. Ne2 bxc3+ 33. Nxc3
0-1

[Event "O Pohar mesta Ricany 2014 - OPEN A"]
[Site "Ricany"]
[Date "2014.08.23"]
[Round "1.6"]
[White "Svatos, Jan"]
[Black "Franek, Jan"]
[Result "1-0"]
[WhiteElo "2233"]
[BlackElo "1921"]
[PlyCount "37"]
[EventDate "2014.??.??"]

1. d4 Nf6 2. Bg5 Ne4 3. h4 Nxg5 4. hxg5 g6 5. Nf3 Bg7 6. c3 c5 7. d5 d6 8. Nbd2
Nd7 9. e4 b5 10. Bxb5 Rb8 11. Bxd7+ Qxd7 12. Nc4 Qg4 13. Qa4+ Bd7 14. Qxa7 Rd8
15. Rh4 Qxg2 16. Ke2 Bg4 17. Ncd2 O-O 18. Ke3 f5 19. Rh2 1-0

[Event "O Pohar mesta Ricany 2014 - OPEN A"]
[Site "Ricany"]
[Date "2014.08.23"]
[Round "1.7"]
[White "Hadrava, Jaroslav"]
[Black "Vojta, Pavel"]
[Result "0-1"]
[WhiteElo "1944"]
[BlackElo "2217"]
[PlyCount "70"]
[EventDate "2014.??.??"]

1. e4 c5 2. Nf3 d6 3. Bb5+ Bd7 4. Bxd7+ Qxd7 5. O-O Nc6 6. c3 Nf6 7. Re1 e6 8.
d4 cxd4 9. cxd4 d5 10. e5 Ne4 11. Ng5 Nxg5 12. Bxg5 Be7 13. Bf4 Qd8 14. Re2 O-O
15. Nc3 Qb6 16. Be3 Rac8 17. Rc1 f6 18. f4 fxe5 19. fxe5 Rf5 20. Na4 Qa6 21. b3
Rcf8 22. Rf2 Rxf2 23. Bxf2 Nb4 24. Rc7 Bg5 25. Qg4 Bh6 26. h3 Nd3 27. Bg3 b5
28. Nc5 Nxc5 29. dxc5 b4 30. Kh2 Kh8 31. Qxb4 Be3 32. c6 Qf1 33. Bh4 Qg1+ 34.
Kg3 Bf2+ 35. Kg4 Qxg2+ 0-1

[Event "O Pohar mesta Ricany 2014 - OPEN A"]
[Site "Ricany"]
[Date "2014.08.23"]
[Round "1.8"]
[White "Cerny, Martin"]
[Black "Pavlicek, Petr"]
[Result "1-0"]
[WhiteElo "2184"]
[BlackElo "1894"]
[PlyCount "185"]
[EventDate "2014.??.??"]

1. d4 Nf6 2. c4 e6 3. Nf3 d5 4. cxd5 exd5 5. Nc3 Be7 6. Bg5 O-O 7. e3 c6 8. Bd3
Bg4 9. Qc2 h6 10. Bf4 Nbd7 11. h3 Be6 12. O-O Nb6 13. Rad1 Bd6 14. Be5 Nc4 15.
Bxd6 Nxd6 16. Qe2 Bf5 17. Bxf5 Nxf5 18. b4 Nd6 19. Ne5 Nfe4 20. Nxe4 Nxe4 21.
Qb2 f6 22. Nd3 Nd6 23. Qb3 a5 24. Nc5 Qe7 25. bxa5 Rxa5 26. a4 Rfa8 27. e4 Nxe4
28. Nxe4 Qxe4 29. Rfe1 Qg6 30. Qxb7 f5 31. Rc1 R5a7 32. Qxc6 Qxc6 33. Rxc6 Rxa4
34. Rc7 Ra1 35. Rce7 Rxe1+ 36. Rxe1 g6 37. Re6 Kf7 38. Rd6 Ra5 39. h4 h5 40. g3
f4 41. gxf4 Ke7 42. Rxg6 Ra4 43. Rg5 Rxd4 44. Rxh5 Rxf4 45. Kg2 Ke6 46. Kg3 Rf7
47. Rh8 d4 48. Rd8 Ke5 49. f4+ Ke4 50. Re8+ Kd3 51. h5 Rd7 52. h6 Kc2 53. Re1
d3 54. Kg4 d2 55. Rh1 d1=Q+ 56. Rxd1 Kxd1 57. f5 Kd2 58. f6 Ke3 59. Kf5 Rd5+
60. Kg6 Kf4 61. h7 Rg5+ 62. Kh6 Kf5 63. h8=Q Rg6+ 64. Kh7 Rxf6 65. Qc8+ Kg5 66.
Qc5+ Rf5 67. Qe7+ Kg4 68. Kg6 Rf4 69. Qe6+ Kf3 70. Kg5 Re4 71. Qf6+ Ke3 72.
Qc3+ Kf2 73. Kf5 Re3 74. Qc5 Kf3 75. Qc2 Re2 76. Qc3+ Re3 77. Qc5 Rd3 78. Qc4
Ke3 79. Ke5 Kd2 80. Ke4 Re3+ 81. Kd4 Re2 82. Qc3+ Kd1 83. Qa1+ Kd2 84. Qb1 Rf2
85. Qb2+ Ke1 86. Qc1+ Ke2 87. Ke4 Rg2 88. Qc2+ Kf1 89. Qd3+ Kf2 90. Kf4 Rh2 91.
Qd2+ Kg1 92. Qe1+ Kg2 93. Kg4 1-0

[Event "O Pohar mesta Ricany 2014 - OPEN A"]
[Site "Ricany"]
[Date "2014.08.23"]
[Round "1.10"]
[White "Moravec, Vit"]
[Black "Grecny, Karol"]
[Result "1-0"]
[WhiteElo "2162"]
[BlackElo "1888"]
[PlyCount "53"]
[EventDate "2014.??.??"]

1. e4 e6 2. Nf3 d5 3. e5 c5 4. b4 cxb4 5. a3 Nc6 6. axb4 Bxb4 7. c3 Bf8 8. d4
Bd7 9. Bd3 h6 10. O-O Nge7 11. Ba3 g6 12. h4 h5 13. Ng5 Bh6 14. Nd2 Bxg5 15.
hxg5 Na5 16. Bxe7 Kxe7 17. Qf3 Ke8 18. c4 b6 19. cxd5 exd5 20. e6 Bxe6 21. Rfe1
Qxg5 22. Re5 Qg4 23. Qf6 Kd7 24. Rg5 Rh6 25. Rxg4 hxg4 26. Bb5+ Kd6 27. Qf4+
1-0

[Event "O Pohar mesta Ricany 2014 - OPEN A"]
[Site "Ricany"]
[Date "2014.08.23"]
[Round "1.11"]
[White "Havelka, Petr"]
[Black "Krivanek, Vladimir"]
[Result "1/2-1/2"]
[WhiteElo "1882"]
[BlackElo "2157"]
[PlyCount "104"]
[EventDate "2014.??.??"]

1. d4 c5 2. e3 Nf6 3. Nf3 e6 4. c4 b6 5. Nc3 Bb7 6. Be2 Be7 7. O-O O-O 8. b3 d5
9. Bb2 Nbd7 10. cxd5 Nxd5 11. Rc1 N7f6 12. dxc5 Bxc5 13. Na4 Bd6 14. h3 Qe7 15.
Qd3 Rfd8 16. Rfd1 Nb4 17. Qb1 e5 18. Nc3 e4 19. Nh2 Qe5 20. Nf1 Nd3 21. Bxd3
exd3 22. Qxd3 Qg5 23. g3 Qh5 24. e4 Qxh3 25. Nd5 Nxd5 26. exd5 Rd7 27. Ne3 Rad8
28. Rc2 Bf8 29. Rcd2 h5 30. Qe4 Re7 31. Qf4 Rde8 32. Qf3 h4 33. Qf5 Qxf5 34.
Nxf5 Re1+ 35. Rxe1 Rxe1+ 36. Kg2 hxg3 37. Kxg3 Bc8 38. Ne3 Rg1+ 39. Kf3 Bd6 40.
Nc4 Bb4 41. Rd4 Bc5 42. Rd2 g5 43. d6 Bg4+ 44. Ke4 Re1+ 45. Ne3 Bd7 46. Bf6 Kh7
47. Bxg5 Kg6 48. Be7 Bc6+ 49. Kf4 Bxe3+ 50. fxe3 Rf1+ 51. Ke5 Rf5+ 52. Kd4 Rd5+
1/2-1/2

[Event "O Pohar mesta Ricany 2014 - OPEN A"]
[Site "Ricany"]
[Date "2014.08.23"]
[Round "1.12"]
[White "Vanka, Miloslav"]
[Black "Jandl, Vojtech"]
[Result "1-0"]
[WhiteElo "2135"]
[BlackElo "1881"]
[PlyCount "69"]
[EventDate "2014.??.??"]

1. e4 e5 2. Bc4 Nf6 3. d3 Nc6 4. Nf3 d6 5. Ng5 d5 6. exd5 Nxd5 7. Qf3 Be6 8.
Nxe6 fxe6 9. O-O Qd7 10. Bg5 Nd4 11. Qd1 Bc5 12. c3 Nf5 13. Qe2 h6 14. Bd2 O-O
15. Qxe5 Rf6 16. d4 Bd6 17. Qe4 c6 18. Na3 Bxa3 19. bxa3 Nd6 20. Qe2 Nxc4 21.
Qxc4 Nb6 22. Qb3 Qd5 23. Rae1 Raf8 24. Re5 Qc4 25. Be3 R8f7 26. f3 g5 27. h3
Kg7 28. Bf2 Rd7 29. Rfe1 Kf7 30. Bg3 Rd5 31. Qc2 Rg6 32. Rxe6 Rxe6 33. Qh7+ Kf8
34. Rxe6 Rd7 35. Qh8+ 1-0

[Event "O Pohar mesta Ricany 2014 - OPEN A"]
[Site "Ricany"]
[Date "2014.08.23"]
[Round "1.13"]
[White "Sochor, Martin"]
[Black "Korsa, Jindrich"]
[Result "1/2-1/2"]
[WhiteElo "1867"]
[BlackElo "2134"]
[PlyCount "67"]
[EventDate "2014.??.??"]

1. d4 g6 2. c4 Bg7 3. Nf3 d6 4. g3 Nd7 5. Bg2 e5 6. dxe5 Nxe5 7. O-O Ne7 8. Qc2
O-O 9. Rd1 N7c6 10. Nbd2 Qe7 11. h3 Re8 12. Re1 Be6 13. a3 Nd7 14. Rb1 a5 15.
b3 Nb6 16. Bb2 Bxb2 17. Qxb2 d5 18. cxd5 Bxd5 19. e4 Be6 20. h4 a4 21. b4 Red8
22. Qc3 Rd7 23. e5 Bf5 24. Ne4 Bxe4 25. Rxe4 Rad8 26. Rbe1 Rd3 27. Qc1 Qd7 28.
Qh6 Ne7 29. Ng5 Nf5 30. Qxh7+ Kf8 31. Qh8+ Ke7 32. Qf6+ Kf8 33. Qh8+ Ke7 34.
Qf6+ 1/2-1/2

[Event "O Pohar mesta Ricany 2014 - OPEN A"]
[Site "Ricany"]
[Date "2014.08.23"]
[Round "1.14"]
[White "Starek, Stanislav"]
[Black "Konvalinka, Vladislav"]
[Result "1-0"]
[WhiteElo "2123"]
[BlackElo "1860"]
[PlyCount "49"]
[EventDate "2014.??.??"]

1. d4 d5 2. Bf4 Nf6 3. e3 Bg4 4. f3 Bf5 5. c4 e6 6. Nc3 c6 7. Qb3 Qb6 8. c5
Qxb3 9. axb3 Nbd7 10. b4 Be7 11. g4 Bc2 12. b5 h6 13. bxc6 bxc6 14. Ba6 g5 15.
Bg3 e5 16. dxe5 Bxc5 17. exf6 Bxe3 18. Bb7 Nc5 19. Bxc6+ Kd8 20. Bxa8 Nb3 21.
Rxa7 Bxa7 22. Nge2 Re8 23. Bxd5 Nd4 24. Kd2 Bg6 25. Nxd4 1-0

[Event "O Pohar mesta Ricany 2014 - OPEN A"]
[Site "Ricany"]
[Date "2014.08.23"]
[Round "1.15"]
[White "Paulovic, Milan"]
[Black "Vyprachticky, David"]
[Result "0-1"]
[WhiteElo "1855"]
[BlackElo "2121"]
[PlyCount "86"]
[EventDate "2014.??.??"]

1. Nf3 c5 2. b3 Nc6 3. Bb2 d5 4. d4 cxd4 5. Nxd4 Nf6 6. e3 Bg4 7. Be2 Bxe2 8.
Qxe2 e6 9. O-O Bd6 10. Nxc6 bxc6 11. c4 O-O 12. Rd1 a5 13. Nc3 Qb8 14. h3 Bh2+
15. Kh1 Be5 16. cxd5 cxd5 17. Na4 Ne4 18. Bxe5 Qxe5 19. Rac1 Rfd8 20. Qe1 h5
21. Kg1 g5 22. Rc2 Kg7 23. Rdc1 Rh8 24. g3 Rh6 25. Nc5 Nxc5 26. Rxc5 a4 27. Qc3
Qxc3 28. R1xc3 axb3 29. axb3 Rhh8 30. e4 g4 31. hxg4 hxg4 32. exd5 Ra1+ 33. Rc1
Rxc1+ 34. Rxc1 exd5 35. Rd1 Rd8 36. Rd4 f5 37. Kg2 Kf6 38. f4 gxf3+ 39. Kxf3
Ke5 40. Ke3 Rg8 41. g4 Rxg4 42. Rxg4 fxg4 43. b4 d4+ 0-1

[Event "O Pohar mesta Ricany 2014 - OPEN A"]
[Site "Ricany"]
[Date "2014.08.23"]
[Round "1.16"]
[White "Rut, Vojtech"]
[Black "Horyna, Josef"]
[Result "1-0"]
[WhiteElo "2119"]
[BlackElo "1854"]
[PlyCount "109"]
[EventDate "2014.??.??"]

1. e4 e6 2. d4 d5 3. e5 c5 4. c3 Nc6 5. Nf3 Bd7 6. Bd3 h6 7. O-O Qb6 8. Re1
cxd4 9. cxd4 Bb4 10. Nc3 Na5 11. Bd2 Bxc3 12. Bxc3 Ne7 13. b4 Nc4 14. Bxc4 dxc4
15. Nd2 Rc8 16. Ne4 O-O 17. Re3 Nd5 18. Rg3 f5 19. exf6 Nxf6 20. d5 exd5 21.
Bxf6 Rxf6 22. Nxf6+ Qxf6 23. Qxd5+ Be6 24. Qd1 c3 25. Rc1 c2 26. Qd2 Bxa2 27.
h3 Bb1 28. Rd3 Re8 29. Rd7 Re7 30. Rd8+ Kf7 31. Qd5+ Qe6 32. Qh5+ Kf6 33. Rf8+
Rf7 34. Qf3+ Ke7 35. Rxf7+ Qxf7 36. Qxb7+ Kf6 37. Qf3+ Kg6 38. Qxf7+ Kxf7 39.
Re1 Kf6 40. g4 h5 41. Kg2 Kg5 42. Kg3 hxg4 43. hxg4 Ba2 44. f4+ Kf6 45. Kf3 g6
46. Ke4 Bb1 47. Kd4 Kf7 48. Kc5 Ba2 49. Kb5 Bd5 50. Rc1 Bf3 51. Rxc2 Bxg4 52.
Ka6 Ke6 53. Kxa7 Kf5 54. b5 Kxf4 55. Rc4+ 1-0

[Event "O Pohar mesta Ricany 2014 - OPEN A"]
[Site "Ricany"]
[Date "2014.08.23"]
[Round "1.17"]
[White "Berg, Antonin"]
[Black "Kohout, Vratislav"]
[Result "0-1"]
[WhiteElo "1853"]
[BlackElo "2119"]
[PlyCount "78"]
[EventDate "2014.??.??"]

1. e4 c5 2. Nf3 e6 3. d4 cxd4 4. Nxd4 Nf6 5. Nc3 d6 6. Be2 a6 7. O-O Be7 8. a4
O-O 9. Be3 Qc7 10. f4 b6 11. Kh1 Bb7 12. Bf3 Nbd7 13. Nb3 Rfe8 14. Qe2 Rac8 15.
Rad1 Qc4 16. Qd3 Bf8 17. Rfe1 Qxd3 18. Rxd3 Rc4 19. Bf2 Rec8 20. Bg3 g6 21. h3
Rb4 22. e5 Bxf3 23. Rxf3 Nh5 24. Bh2 d5 25. g4 Ng7 26. f5 gxf5 27. gxf5 Nxf5
28. Nxd5 Rxa4 29. c3 Rh4 30. Bg1 exd5 31. Rxf5 Rxh3+ 32. Kg2 Rh6 33. Nd4 Rg6+
34. Kf1 Re8 35. Nf3 Bg7 36. Bd4 Nc5 37. Bxc5 bxc5 38. Ng5 Re7 39. e6 fxe6 0-1

[Event "O Pohar mesta Ricany 2014 - OPEN A"]
[Site "Ricany"]
[Date "2014.08.23"]
[Round "1.18"]
[White "Pospisil, Evzen"]
[Black "Prochazka, Petr"]
[Result "1-0"]
[WhiteElo "210"]
[BlackElo "1841"]
[PlyCount "59"]
[EventDate "2014.??.??"]

1. d4 d5 2. Nf3 Nc6 3. g3 Bg4 4. Bg2 Qd7 5. Nbd2 Bh3 6. Bxh3 Qxh3 7. c4 e6 8.
a3 O-O-O 9. e3 f6 10. Ng1 Qf5 11. Qf3 Qd3 12. cxd5 Rxd5 13. Ne2 Qa6 14. O-O Rf5
15. Qe4 Nd8 16. Nc3 g5 17. g4 Ra5 18. Nb3 h5 19. Nxa5 Qxa5 20. gxh5 Rxh5 21.
Qg6 Rh8 22. Bd2 Bd6 23. Ne4 Bxh2+ 24. Kg2 Qd5 25. f3 f5 26. Nc5 Ne7 27. Qf6 Qd6
28. Qxh8 Qg3+ 29. Kh1 Ng6 30. Qxh2 1-0

[Event "O Pohar mesta Ricany 2014 - OPEN A"]
[Site "Ricany"]
[Date "2014.08.23"]
[Round "1.19"]
[White "Lacha, Jan"]
[Black "Dungl, Martin"]
[Result "0-1"]
[WhiteElo "1827"]
[BlackElo "2093"]
[PlyCount "90"]
[EventDate "2014.??.??"]

1. e4 c5 2. Nc3 Nc6 3. f4 g6 4. Nf3 Bg7 5. Bc4 d6 6. O-O Nf6 7. e5 dxe5 8. Nxe5
Nxe5 9. fxe5 Qd4+ 10. Kh1 Qxe5 11. Bb5+ Bd7 12. Bxd7+ Nxd7 13. Qf3 Qf6 14. Qe2
Qc6 15. d3 e5 16. Bd2 O-O 17. Rae1 f5 18. b3 Rae8 19. Nd1 Nf6 20. Bc3 Nd5 21.
Bd2 Nb4 22. Bxb4 cxb4 23. Qd2 a5 24. Re2 Rd8 25. Qe1 Rd4 26. Ne3 b5 27. Nd1 Bf6
28. Kg1 Bh4 29. g3 Bd8 30. Rxe5 Bb6 31. Nf2 Qxc2 32. Rxb5 Qc6 33. Re5 Rxd3 34.
Re6 Qc5 35. Re7 Rd6 36. Re8 Rdf6 37. Re5 Qc2 38. Re2 Qc6 39. Qc1 Qf3 40. Qc4+
Kh8 41. Rfe1 f4 42. g4 Qxg4+ 43. Kf1 Qh4 44. Qe4 Qxh2 45. Ng4 Qg1# 0-1

[Event "O Pohar mesta Ricany 2014 - OPEN A"]
[Site "Ricany"]
[Date "2014.08.23"]
[Round "1.20"]
[White "Hradecky, Ivo"]
[Black "Chromovsky, Hynek"]
[Result "1-0"]
[WhiteElo "2090"]
[BlackElo "1815"]
[PlyCount "53"]
[EventDate "2014.??.??"]

1. e4 c5 2. Nf3 e6 3. d4 cxd4 4. Nxd4 a6 5. Nc3 Qc7 6. Bd3 Nc6 7. Be3 Nge7 8.
Nb3 g6 9. O-O Bg7 10. Qd2 O-O 11. Rad1 b5 12. Be2 b4 13. Na4 d5 14. Nb6 Rb8 15.
exd5 exd5 16. Nxc8 Qxc8 17. Bh6 Bxh6 18. Qxh6 Ne5 19. Nd4 Nc4 20. Rd3 f5 21.
Nf3 Rf7 22. Ng5 Rg7 23. Rh3 Nxb2 24. Nxh7 Rb6 25. Ng5 Kf8 26. Qh8+ Rg8 27. Qxb2
1-0

[Event "O Pohar mesta Ricany 2014 - OPEN A"]
[Site "Ricany"]
[Date "2014.08.23"]
[Round "1.21"]
[White "Stork, Rostislav"]
[Black "Postupa, Martin"]
[Result "1-0"]
[WhiteElo "1807"]
[BlackElo "2085"]
[PlyCount "77"]
[EventDate "2014.??.??"]

1. e4 e5 2. Nf3 Nc6 3. Nc3 Nf6 4. Bb5 d6 5. d4 exd4 6. Nxd4 Bd7 7. O-O g6 8.
Re1 Qe7 9. Nd5 Qd8 10. Bg5 Bg7 11. e5 dxe5 12. Bxc6 Bxc6 13. Nxc6 bxc6 14.
Rxe5+ Kf8 15. Nxf6 Qd6 16. Qxd6+ cxd6 17. Re3 h6 18. Rae1 Bxf6 19. Bxf6 Rg8 20.
Re7 g5 21. Rd7 Rg6 22. Be7+ Ke8 23. Rxd6 Rxd6 24. Bxd6+ Kd7 25. Bc5 Rb8 26. b4
Rg8 27. Re7+ Kd8 28. Rxa7 Rg7 29. g4 Kc8 30. a4 Kb8 31. a5 Rg6 32. Rxf7 Re6 33.
a6 Re1+ 34. Kg2 Ra1 35. a7+ Ka8 36. Rf8+ Kb7 37. Rb8+ Kc7 38. a8=Q Rxa8 39.
Rxa8 1-0

[Event "O Pohar mesta Ricany 2014 - OPEN A"]
[Site "Ricany"]
[Date "2014.08.23"]
[Round "1.23"]
[White "Jirousek, Filip"]
[Black "Skacel, Jan"]
[Result "1/2-1/2"]
[WhiteElo "1778"]
[BlackElo "2075"]
[PlyCount "29"]
[EventDate "2014.??.??"]

1. f4 e5 2. e4 Bc5 3. Nf3 d6 4. Bc4 Nf6 5. d3 Nc6 6. Qe2 O-O 7. Nc3 Bg4 8. Be3
Bb4 9. h3 Bxf3 10. Qxf3 exf4 11. Qxf4 d5 12. exd5 Nxd5 13. Bxd5 Bxc3+ 14. bxc3
Qxd5 15. O-O 1/2-1/2

[Event "O Pohar mesta Ricany 2014 - OPEN A"]
[Site "Ricany"]
[Date "2014.08.23"]
[Round "1.24"]
[White "Lacza, Tibor"]
[Black "Zak, Jiri"]
[Result "1-0"]
[WhiteElo "2067"]
[BlackElo "1776"]
[PlyCount "69"]
[EventDate "2014.??.??"]

1. d4 d5 2. c4 e6 3. Nc3 Nf6 4. cxd5 exd5 5. Bg5 Be7 6. e3 O-O 7. Bd3 h6 8. Bh4
b6 9. Nge2 Nbd7 10. O-O Re8 11. Qa4 a6 12. Rfd1 Bb7 13. Rac1 c5 14. dxc5 Nxc5
15. Qc2 Nxd3 16. Rxd3 Qd7 17. Qb3 b5 18. Bxf6 Bxf6 19. Nxd5 Bxd5 20. Rxd5 Qg4
21. Rd2 Rac8 22. Rxc8 Rxc8 23. Qd3 Rd8 24. Nd4 Qc8 25. Rc2 Qd7 26. h3 Qa7 27.
Nc6 Rxd3 28. Nxa7 Be5 29. Kf1 Rd1+ 30. Ke2 Rd7 31. Nc6 Rc7 32. b3 Bf6 33. Kd3
Kf8 34. Nb8 Ra7 35. Rc8+ 1-0

[Event "O Pohar mesta Ricany 2014 - OPEN A"]
[Site "Ricany"]
[Date "2014.08.23"]
[Round "1.26"]
[White "Simecek, Bohumil"]
[Black "Sadil, Jan"]
[Result "1-0"]
[WhiteElo "2058"]
[BlackElo "1722"]
[PlyCount "69"]
[EventDate "2014.??.??"]

1. d4 d5 2. Nf3 Nf6 3. c4 e6 4. Nc3 Be7 5. Bg5 O-O 6. e3 Nbd7 7. Qc2 b6 8. cxd5
exd5 9. Be2 Bb7 10. O-O c5 11. Rac1 Ne4 12. Bxe7 Qxe7 13. dxc5 Ndxc5 14. Rfd1
Rfd8 15. b4 Nxc3 16. Qxc3 Ne4 17. Qb2 Rac8 18. Nd4 h6 19. Bg4 Rxc1 20. Rxc1 Qf6
21. Qe2 Re8 22. Bf3 Rc8 23. Rxc8+ Bxc8 24. Qc2 Bf5 25. Qc6 Be6 26. Qa8+ Kh7 27.
Bxe4+ dxe4 28. Qxe4+ g6 29. a3 Bc4 30. h3 a6 31. Qc6 Qxc6 32. Nxc6 Kg7 33. f3
Kf6 34. Kf2 Bd5 35. Nb8 1-0

[Event "O Pohar mesta Ricany 2014 - OPEN A"]
[Site "Ricany"]
[Date "2014.08.23"]
[Round "1.27"]
[White "Cabart, Pavel"]
[Black "Vecera, Petr"]
[Result "0-1"]
[WhiteElo "1713"]
[BlackElo "2045"]
[PlyCount "82"]
[EventDate "2014.??.??"]

1. e4 c5 2. Nf3 g6 3. d4 cxd4 4. Nxd4 Bg7 5. c4 Nc6 6. Nc2 Nf6 7. Nc3 d6 8. Be2
Be6 9. O-O O-O 10. Bg5 Qa5 11. Qd2 Rac8 12. Rab1 Ne5 13. b3 b5 14. Nxb5 Qxd2
15. Bxd2 Nxe4 16. Rfd1 Nc6 17. Bf3 Bf5 18. Bxe4 Bxe4 19. Rbc1 Bb2 20. f3 Bxc1
21. Rxc1 Bxc2 22. Rxc2 a6 23. Nc3 Rfd8 24. Be3 f5 25. Nd5 Kf7 26. Bg5 Re8 27.
Rd2 Nd8 28. Be3 Ne6 29. h4 Nc5 30. Bd4 a5 31. Kf2 a4 32. b4 Ne6 33. Nb6 Rb8 34.
c5 dxc5 35. Bxc5 Red8 36. Ke3 a3 37. Nc4 Rxd2 38. Kxd2 Nxc5 39. bxc5 Rc8 40.
Nxa3 Rxc5 41. Kd3 Ra5 0-1

[Event "O Pohar mesta Ricany 2014 - OPEN A"]
[Site "Ricany"]
[Date "2014.08.23"]
[Round "1.28"]
[White "Vavrinec, Tomas"]
[Black "Mar, Tomas"]
[Result "1-0"]
[WhiteElo "2044"]
[BlackElo "1604"]
[PlyCount "63"]
[EventDate "2014.??.??"]

1. c4 Nf6 2. Nc3 g6 3. e4 d6 4. d4 Bg7 5. Be2 c5 6. d5 O-O 7. f4 a6 8. a4 Nbd7
9. Nf3 Re8 10. O-O Nf8 11. Kh1 e6 12. dxe6 Nxe6 13. Be3 Ng4 14. Bc1 Nd4 15.
Nxd4 Nxh2 16. Nc2 Nxf1 17. Qxf1 Qh4+ 18. Kg1 Bxc3 19. bxc3 Rxe4 20. Bf3 Re7 21.
Qf2 Qf6 22. Bd2 Bf5 23. Ne3 Be4 24. Ng4 Qg7 25. f5 gxf5 26. Nh6+ Kh8 27. Bh5
Rae8 28. Rf1 f4 29. Bxf4 Bd3 30. Nxf7+ Kg8 31. Bh6 Rxf7 32. Bxf7+ 1-0

[Event "O Pohar mesta Ricany 2014 - OPEN A"]
[Site "Ricany"]
[Date "2014.08.23"]
[Round "1.29"]
[White "Korsa, Jiri"]
[Black "Skalicky, Tomas"]
[Result "0-1"]
[WhiteElo "1695"]
[BlackElo "2024"]
[PlyCount "70"]
[EventDate "2014.??.??"]

1. e4 c5 2. Nc3 d6 3. g4 Nc6 4. Bg2 g6 5. d3 Bg7 6. h3 e6 7. Nge2 Nge7 8. O-O
O-O 9. f4 f5 10. gxf5 exf5 11. Nd5 Be6 12. Nec3 Qd7 13. Kh2 Rae8 14. a3 Nd4 15.
Re1 fxe4 16. Nxe7+ Rxe7 17. dxe4 Ref7 18. Be3 Bh6 19. Ne2 Nxe2 20. Qxe2 Bxf4+
21. Bxf4 Rxf4 22. Rf1 Rxf1 23. Rxf1 Rxf1 24. Qxf1 Qf7 25. Kg3 Qxf1 26. Bxf1 Kf7
27. Kf4 Kf6 28. h4 h6 29. c3 g5+ 30. hxg5+ hxg5+ 31. Kg3 Ke5 32. Bg2 Bd7 33.
Kf3 Bc6 34. Ke3 g4 35. Bh1 d5 0-1

[Event "O Pohar mesta Ricany 2014 - OPEN A"]
[Site "Ricany"]
[Date "2014.08.23"]
[Round "1.30"]
[White "Voracek, Zdenek"]
[Black "Vorsilka, Jiri"]
[Result "1-0"]
[WhiteElo "2020"]
[BlackElo "1691"]
[PlyCount "47"]
[EventDate "2014.??.??"]

1. d4 Nf6 2. c4 e6 3. Nf3 Bb4+ 4. Bd2 Qe7 5. g3 O-O 6. Bg2 Nc6 7. O-O d5 8. a3
Bxd2 9. Nbxd2 Bd7 10. Rc1 Rab8 11. Qc2 b5 12. cxd5 exd5 13. Nb3 b4 14. Nc5 bxa3
15. Nxd7 Qxd7 16. bxa3 Rb6 17. Rfd1 Rc8 18. Ne5 Nxe5 19. dxe5 Ng4 20. Rxd5 Qe6
21. Rcd1 g6 22. Qc5 c6 23. Rd8+ Kg7 24. Qf8# 1-0

[Event "O Pohar mesta Ricany 2014 - OPEN A"]
[Site "Ricany"]
[Date "2014.08.23"]
[Round "1.31"]
[White "Benes, Karel"]
[Black "Havelka, Josef"]
[Result "0-1"]
[WhiteElo "1669"]
[BlackElo "2019"]
[PlyCount "66"]
[EventDate "2014.??.??"]

1. e4 c5 2. Nf3 d6 3. d4 cxd4 4. Nxd4 Nf6 5. Nc3 Nc6 6. f3 e5 7. Nb3 Be6 8. Be3
a6 9. Qd2 Na5 10. Nd5 Nxd5 11. exd5 Nxb3 12. axb3 Bf5 13. Bd3 Qd7 14. O-O Be7
15. Bxf5 Qxf5 16. Ra4 O-O 17. g4 Qg6 18. Kh1 f5 19. gxf5 Rxf5 20. Rg4 Qf7 21.
Qg2 g6 22. c4 Bf8 23. b4 Bg7 24. b3 Rf8 25. Rg3 e4 26. f4 Re8 27. Rg5 Bc3 28.
Rxf5 Qxf5 29. Qa2 Re7 30. Qa5 Qh3 31. Rg1 Qxe3 32. Qd8+ Kf7 33. Qxd6 Bd4 0-1